Nuevas leyes científicas en la aplicación de los abonos /

Guardado en:
Autor Principal: Voisin, André, 1903-1964.
Formato: Libro
Idioma:Spanish
Publicado: Madrid : Tecnos, 1970.
Etiquetas: Agregar Etiqueta
Sin Etiquetas, Sea el primero en etiquetar este registro!
LEADER 00447nam a22001335a 4500
001 EEA.libagro001990
008 130809s1970####sp#a##########000#0#spa#d
005 20191111104939.0
245 1 0 |a Nuevas leyes científicas en la aplicación de los abonos /  |c André Voisin. 
260 |a Madrid :  |b Tecnos,  |c 1970. 
300 |a 150 p. :  |b il. ;  |c 21 cm. 
100 1 |a Voisin, André,  |d 1903-1964. 
082 0 4 |a 631.8 
859 |a AR-BbBCA  |b BIB. AGRONOMIA  |h 631.8  |i V897  |p 1974/0188